| 000 | 00542nam a22001937a 4500 | ||
|---|---|---|---|
| 003 | OSt | ||
| 005 | 20140311163000.0 | ||
| 008 | 130223t xxu||||| |||| 00| 0 eng d | ||
| 020 | _a9712328783 | ||
| 050 |
_aHF 5549.2.P6 _b.C66 2004 |
||
| 100 |
_aCorpuz, Crispina R. _930623 |
||
| 245 |
_aPersonnel and human resource management / _cCrispina R. Corpuz. |
||
| 260 |
_aManila : _bRex Book Store, _c2000. |
||
| 300 |
_a176 p. : _c23 cm. |
||
| 650 |
_aPersonnel Management _9685 |
||
| 942 |
_2lcc _cBK _kLOC |
||
| 999 |
_c39180 _d39180 |
||